Biblioteca

La Ciudad para el Ciudadano: La paz es un derecho y un deber de obligatorio cumplimiento" (Registro nro. 47586)

Detalles MARC
000 -LÍDER
Campo fijo de descripción fija 003280000a22001210004500
082 04 - NÚMERO DE CLASIFICACIÓN DECIMAL DEWEY
Número de clasificación R 350 G533c
001 - NÚMERO DE CONTROL
Campo de control 341
110 1# - ASIENTO PRINCIPAL--NOMBRE CORPORATIVO
Nombre corporativo o de jurisdicción como elemento de entrada Secretaria de Gobierno
245 10 - TÍTULO
Título del Material La Ciudad para el Ciudadano: La paz es un derecho y un deber de obligatorio cumplimiento"
260 ## - PUBLICACIÓN, DISTRIBUCIÓN, ETC. (PIE DE IMPRENTA)
Lugar de publicación, distribución, etc. Medellín : Marín Vieco
300 ## - DESCRIPCIÓN FÍSICA
Extensión 109 P.
942 ## - TIPO DE MATERIAL (KOHA)
Tipo de Item KOHA Z- Libro General BINCO
Existencias
Estado de Material Estado de Perdido Volumen-Parte/Tomo Estado de Dañado No para Préstamo Colección Tomo Biblioteca de Origen Biblioteca Permanente Fecha de Adquisición Total de Préstamos Signatura Topográfica Código de Barras Última vez visto Ejemplar/Existencia Fecha de Remplazo Tipo de Material
          Colección de Referencia   Biblioteca Infantil Comunitaria BINCO Biblioteca Infantil Comunitaria BINCO 27/02/2006   R 350 G533c B30879 24/11/2016 1 26/01/2016 Z- Libros de Referencia BINCO

Biblioteca FUSBC | Teléfono: (57+4) 349 88 10 Ext. 141| WhatsApp (+57) 3005338115 
E-mail: biblioteca@unisbc.edu.co | Calle 76 87-14 Robledo Palenque, Medellín, Colombia

Con tecnología Koha